000 00583nab#a2200193#c#4500
999 _c122135
_d122135
003 IEF
005 20191204132013.0
008 950704s1976 uuu|| #####0 b| |u
040 _aIEF
_cES-MaIEF
100 1 _aAlbiñana García Quintana, César
_9255
245 _aLos impuestos de producto y la Administración tributaria
_c César Albiñana García-Quintana
260 _c1976
650 4 _aADMINISTRACION TRIBUTARIA
_97307
650 4 _aIMPUESTOS
_947460
773 0 _tHacienda pública española
_w34570
_g42-43, p. 145-161
942 _2udc
942 _2udc